India an archaeological history palaelithic beginnings to early historic foundation/ (Record no. 166515)

000 -LEADER
fixed length control field 00365nam a22001457a 4500
082 ## - DEWEY DECIMAL CLASSIFICATION NUMBER
Classification number
Item number
100 ## - MAIN ENTRY--PERSONAL NAME
Personal name Dilip C Chakrabarti
245 ## - TITLE STATEMENT
Title India an archaeological history palaelithic beginnings to early historic foundation/
Statement of responsibility, etc. by Dilip C Chakrabarti.
260 ## - PUBLICATION, DISTRIBUTION, ETC.
Place of publication, distribution, etc.
Name of publisher, distributor, etc. Oxford,
Date of publication, distribution, etc.
300 ## - PHYSICAL DESCRIPTION
Extent 2011.
600 ## - SUBJECT ADDED ENTRY--PERSONAL NAME
Personal name
650 ## - SUBJECT ADDED ENTRY--TOPICAL TERM
Topical term or geographic name entry element
700 ## - ADDED ENTRY--PERSONAL NAME
Personal name
942 ## - ADDED ENTRY ELEMENTS (KOHA)
Koha item type Book
Holdings
Withdrawn status Lost status Damaged status Not for loan Permanent Location Current Location Shelving location Date acquired Cost, normal purchase price Total Checkouts Barcode Date last seen Price effective from Koha item type
        RC Thiruvananthapuram RC Thiruvananthapuram   12.11.2018 425.00   TV002713 12.11.2018 12.11.2018 Book